000
00272nam a22001217a 4500
008
170223b xxu||||| |||| 00| 0 alb d
041
_a
alb
080
_a
616.31
100
_a
5
101
_a
SHK
245
_a
LEKSIONE TE KIRURGJISE KLINIKE
_c
KOCILLARI, A
942
_2
udc
_c
BK
999
_c
6148
_d
6148